| 000 | 00760nam a2200229Ii 4500 | ||
|---|---|---|---|
| 003 | JO-AjNU | ||
| 008 | 230606s9999||||xx |||||||||||||| ||und|| | ||
| 020 | _a92-2-102992-1/0253-2042 | ||
| 040 |
_aJO-AjNU _beng _erda _cJO-AjNU |
||
| 041 | _aeng | ||
| 050 | 1 | 4 | _aHD6073.A292 S684 1982 |
| 100 | 3 |
_a Kurian,Rachel, _eauthor _92908 |
|
| 245 | 0 | 0 | _aWomen workers in the Sri Lanka plantation sector : an historical and contemporary analysis. |
| 250 | _a1 ed | ||
| 264 | 3 | 1 | _aGeneva : International Labour Office, 1982 |
| 300 | _a138p | ||
| 336 |
_atext _btxt _2rdacontent |
||
| 337 |
_aunmediated _bn _2rdamedia |
||
| 338 |
_avolume _bnc _2rdacarrier |
||
| 490 | 0 | _aWomen, work, and development,5 | |
| 650 | 4 |
_aWomen agricultural laborers--Sri Lanka. _92909 |
|
| 999 |
_aE1523 _c1523 _d1523 |
||